000
00216nam a2200097Ia 4500
008
190216s9999||||xx |||||||||||||| ||und||
100
_a
M T Vasudevan Nair
245
0
_a
Iruttinde Athmav
260
_b
Null
942
_c
BK
999
_c
25126
_d
25126